000 00798nam a2200253 a 4500
008
020 _a0750618116 (pbk.)
049 _aMAIN
090 _aQA76.9.S88
100 1 _aBentley, Colin.
245 1 0 _aSSADM :
_busing SSADM in a PRINCE environment /
_cColin Bentley and Bernadette Rudman.
260 _aOxford :
_bButterworth-Heinemann,
_c1995.
300 _ax, 226 p. :
_bill. ;
_c24 cm.
440 0 _aComputer weekly professional series.
500 _aIncludes index.
650 0 _aElectronic data processing
_xStructured techniques.
650 0 _aSystem analysis.
700 1 _aRudman, Bernadette.
907 _a.b10045867
_b06-07-09
_c17-04-03
003
005 20230123133450.0
040 _cNUST
942 _cBOOKS
_kQA76.9.S88
999 _c149063
_d149063